| 000 | 00502nam a2200121Ia 4500 | ||
|---|---|---|---|
| 008 | 160712s9999 xx 000 0 und d | ||
| 100 | _aDavid, Carlos Primo. | ||
| 245 |
_cCarlos Primo David _aWhat does it take to finish your graduate degree?: Issues, Challenges and Recommendations to the UP College of Science Graduate Program |
||
| 260 |
_c2011 _bScience Diliman |
||
| 300 | _avol. 23 no. 1 | ||
| 650 | _xSCIENCE | ||
| 856 | _uhttp://journals.upd.edu.ph/index.php/sciencediliman/issue/view/289/showToc | ||
| 999 |
_c297641 _d297641 |
||